Convenios colectivos. Convenios colectivos sindicales y conflictos colectivos de trabajo (Record no. 3676)

MARC details
000 -LEADER
campo de control de longitud fija 00753nam a2200181 i 4500
001 - NÚMERO DE CONTROL
campo de control 3676
003 - IDENTIFICADOR DE NÚMERO DE CONTROL
campo de control ES-MaACL
005 - FECHA Y HORA DE LA ÚLTIMA TRANSACCIÓN
campo de control 20250902073146.0
008 - DATOS DE LONGITUD FIJA--INFORMACIÓN GENERAL
campo de control de longitud fija 200220s1967 sp |||| | spa d
245 00 - MENCIÓN DEL TÍTULO
Título Convenios colectivos. Convenios colectivos sindicales y conflictos colectivos de trabajo
Resto del título : Ley de 24 de abril de 1958 de convenios colectivos sindicales. Reglamento de 22 de julio de 1958. Normas sindicales de 23 de julio de 1958...
260 ## - PUBLICACIÓN, DISTRIBUCIÓN, ETC.
Lugar de publicación, distribución, etc. Madrid :
Nombre del editor, distribuidor, etc. García Enciso,
Fecha de publicación, distribución, etc. 1967.
300 ## - DESCRIPCIÓN FÍSICA
Extensión 105 p. ;
Dimensiones 16 cm.
490 1# - MENCIÓN DE SERIE
Mención de serie Colección "García Enciso"
650 #4 - PUNTO DE ACCESO ADICIONAL DE MATERIA--TÉRMINO DE MATERIA
Término de materia o nombre geográfico como elemento de entrada Convenios colectivos-
Subdivisión geográfica España-
Subdivisión de forma Legislación.
9 (RLIN) 169656
830 00 - PUNTO DE ACCESO ADICIONAL DE SERIE-TÍTULO UNIFORME
Título uniforme Colección "García Enciso"
9 (RLIN) 176884
852 ## - LOCALIZACIÓN
Ubicación ES-MaACL
Número de control de estantería P-1332-22
Holdings
Estatus retirado Estado de pérdida Estado de daño No para préstamo Biblioteca de origen Biblioteca actual Ubicación en estantería Fecha de adquisición Fuente de adquisición Total de préstamos Signatura topográfica completa Código de barras Visto por última vez Precio de reemplazo Tipo de ítem Koha
        Biblioteca del Ateneo de Madrid Biblioteca del Ateneo de Madrid Depósito 2 10/05/2005     P-1332-22 1201575 23/02/2023 23/02/2023 Libro impreso